[Event "UZB-ch (Women)"]
[Site "Tashkent"]
[Date "2024.04.25"]
[Round "11"]
[White "Khalilova, Madinabonu"]
[Black "Malikova, Marjona"]
[Result "1/2-1/2"]
[WhiteElo "1968"]
[BlackElo "1999"]
[PlyCount "37"]
[EventDate "2024.04.20"]
[EventType "tourn (rapid)"]
[EventRounds "17"]
[EventCountry "UZB"]
[SourceTitle "CB18_2024"]
[SourceDate "2024.05.01"]
[SourceVersion "1"]
[SourceVersionDate "2024.05.01"]
[SourceQuality "2"]

1. d4 Nf6 2. c4 e6 3. g3 d5 4. Bg2 dxc4 5. Nf3 Bb4+ 6. Bd2 a5 7. Qc2 c5 8. dxc5 Bxc5 9. 0-0 Nbd7 10. Qxc4 b6 11. Nc3 Bb7 12. Bf4 0-0 13. Rac1 Qe7 14. Ne5 Rac8 15. Qa4 Bxg2 16. Kxg2 Nxe5 17. Bxe5 Qb7+ 18. Kg1 Nd7 19. Bd4 1/2-1/2

[Event "Titled Tuesday intern op 02nd Apr Early"]
[Site "Chess.com INT"]
[Date "2024.04.02"]
[Round "2"]
[White "Taboas Rodriguez, Daniel"]
[Black "Malikova, Marjona"]
[Result "1-0"]
[WhiteElo "2344"]
[BlackElo "1999"]
[PlyCount "61"]
[EventDate "2024.04.02"]
[EventType "swiss (blitz)"]
[EventRounds "11"]
[EventCountry "USA"]
[SourceTitle "CB15_2024"]
[SourceDate "2024.04.10"]
[SourceVersion "1"]
[SourceVersionDate "2024.04.10"]
[SourceQuality "1"]

1. d4 Nf6 2. Nf3 g6 3. c4 Bg7 4. Nc3 d5 5. cxd5 Nxd5 6. e4 Nxc3 7. bxc3 c5 8. Be3 0-0 9. Rc1 Nc6 10. d5 Ne5 11. Nxe5 Bxe5 12. Bxc5 Bg7 13. Bd4 e5 14. Bc5 Re8 15. Bb5 Bd7 16. Bxd7 Qxd7 17. 0-0 b6 18. Be3 Rad8 19. c4 f5 20. f3 Bf8 21. c5 bxc5 22. Bxc5 Bh6 23. Rc2 Rc8 24. Bf2 Qb5 25. Rxc8 Rxc8 26. d6 Rd8 27. exf5 gxf5 28. Bxa7 Qa6 29. Qd5+ Kf8 30. Bc5 Qa8 31. d7+ 1-0

[Event "Titled Tuesday intern op 09th Jan Early"]
[Site "Chess.com INT"]
[Date "2024.01.09"]
[Round "2"]
[White "Malikova, Marjona"]
[Black "Batsiashvili, Nino"]
[Result "0-1"]
[WhiteElo "2066"]
[BlackElo "2451"]
[PlyCount "74"]
[EventDate "2024.01.09"]
[EventType "swiss (blitz)"]
[EventRounds "11"]
[EventCountry "USA"]
[SourceTitle "CB03_2024"]
[SourceDate "2024.01.17"]
[SourceVersion "1"]
[SourceVersionDate "2024.01.17"]
[SourceQuality "1"]

1. d4 g6 2. c4 f5 3. Nc3 Nf6 4. g3 Bg7 5. Bg2 0-0 6. Nh3 d6 7. 0-0 e5 8. d5 h6 9. f3 a5 10. Nf2 Na6 11. a3 Nc5 12. Be3 g5 13. Bxc5 dxc5 14. e4 f4 15. g4 h5 16. h3 Rf7 17. Nb5 Bf8 18. b4 axb4 19. axb4 Rxa1 20. Qxa1 Qe8 21. bxc5 Bxc5 22. Kh1 hxg4 23. fxg4 f3 24. Bxf3 Nxd5 25. Nd3 Ne3 26. Nxe5 Nxf1 27. Nxf7 Qxf7 28. Qxf1 c6 29. Nc3 Be6 30. Be2 Qg7 31. Na4 Bd4 32. Qd1 Qe5 33. Bd3 Qg3 34. Qf1 Kg7 35. c5 Bb3 36. Nb6 Bd1 37. Qxd1 Qxh3# 0-1

[Event "Titled Tuesday intern op 09th Jan Early"]
[Site "Chess.com INT"]
[Date "2024.01.09"]
[Round "4"]
[White "Malikova, Marjona"]
[Black "Dahlgren, James Allen"]
[Result "1/2-1/2"]
[WhiteElo "2066"]
[BlackElo "1770"]
[PlyCount "104"]
[EventDate "2024.01.09"]
[EventType "swiss (blitz)"]
[EventRounds "11"]
[EventCountry "USA"]
[SourceTitle "CB03_2024"]
[SourceDate "2024.01.17"]
[SourceVersion "1"]
[SourceVersionDate "2024.01.17"]
[SourceQuality "1"]

1. d4 e6 2. c4 c5 3. d5 f5 4. Nc3 e5 5. e4 d6 6. f4 Nd7 7. Nf3 fxe4 8. Nxe4 Ngf6 9. Nxf6+ Qxf6 10. fxe5 Nxe5 11. Nxe5 Qxe5+ 12. Qe2 Qxe2+ 13. Bxe2 Bf5 14. 0-0 g6 15. Bg5 Be7 16. Bxe7 Kxe7 17. g4 Bd7 18. Rae1 Raf8 19. Bf3+ Kd8 20. Kg2 Re8 21. h4 Rxe1 22. Rxe1 Re8 23. Rxe8+ Kxe8 24. Kg3 Kf7 25. Kf4 Kf6 26. g5+ Kf7 27. a3 Ke7 28. b4 b6 29. h5 Bf5 30. hxg6 hxg6 31. Be4 Bxe4 32. Kxe4 Kd7 33. Kd3 Kc7 34. Kc3 Kb7 35. Kb3 a6 36. a4 Kc7 37. a5 bxa5 38. bxa5 Kd7 39. Kc3 Ke7 40. Kd3 Kf7 41. Ke3 Ke7 42. Kf3 Kf7 43. Kg2 Ke7 44. Kh1 Kf7 45. Kg1 Ke7 46. Kh1 Kf7 47. Kg1 Kf8 48. Kh1 Kg8 49. Kg1 Kh8 50. Kh1 Kg8 51. Kg1 Kh8 52. Kh1 Kg8 1/2-1/2

[Event "Wch Blitz (Women)"]
[Site "Samarkand"]
[Date "2023.12.30"]
[Round "13"]
[White "Khamrakulova, Shakhnoza"]
[Black "Malikova, Marjona"]
[Result "1/2-1/2"]
[WhiteElo "2086"]
[BlackElo "2051"]
[PlyCount "84"]
[EventDate "2023.12.29"]
[EventType "swiss (blitz)"]
[EventRounds "17"]
[EventCountry "UZB"]
[SourceTitle "CB01_2024"]
[SourceDate "2024.01.03"]
[SourceVersion "1"]
[SourceVersionDate "2024.01.03"]
[SourceQuality "1"]

1. e4 c6 2. d4 d5 3. e5 c5 4. c3 e6 5. Nf3 Nc6 6. Bd3 Qb6 7. 0-0 Bd7 8. Bc2 Nge7 9. b3 Ng6 10. Bxg6 hxg6 11. Bb2 a5 12. Na3 c4 13. Nd2 Be7 14. Qc2 cxb3 15. axb3 Rc8 16. Qd3 0-0 17. Nc2 Qc7 18. Ne3 Na7 19. c4 dxc4 20. bxc4 b5 21. Bc3 b4 22. Bb2 a4 23. d5 Bc5 24. d6 Qb6 25. Ne4 a3 26. Nxc5 Rxc5 27. Bd4 Qc6 28. Bxc5 Qxc5 29. Rfb1 Nc6 30. Nc2 Rb8 31. Nxa3 bxa3 32. Rxb8+ Nxb8 33. Rxa3 Nc6 34. h3 Nxe5 35. Qc3 Qxd6 36. Ra8+ Kh7 37. f4 Qc5+ 38. Kh2 Nc6 39. Qg3 Qh5 40. Qd3 Qf5 41. Qxd7 Qxf4+ 42. Kh1 Qf1+ 1/2-1/2

[Event "Wch Blitz (Women)"]
[Site "Samarkand"]
[Date "2023.12.29"]
[Round "4"]
[White "Malikova, Marjona"]
[Black "Balabayeva, Kseniya"]
[Result "0-1"]
[WhiteElo "2051"]
[BlackElo "2244"]
[PlyCount "129"]
[EventDate "2023.12.29"]
[EventType "swiss (blitz)"]
[EventRounds "17"]
[EventCountry "UZB"]
[SourceTitle "CB01_2024"]
[SourceDate "2024.01.03"]
[SourceVersion "1"]
[SourceVersionDate "2024.01.03"]
[SourceQuality "1"]

1. d4 d5 2. c4 e6 3. Nc3 Nf6 4. cxd5 exd5 5. Bg5 Be7 6. e3 c6 7. Qc2 Nbd7 8. Bd3 Nh5 9. Bxe7 Qxe7 10. Nge2 Nb6 11. 0-0 g6 12. a3 0-0 13. b4 a6 14. Rab1 Be6 15. a4 Rfc8 16. Rfc1 Ng7 17. a5 Nd7 18. Na4 Bf5 19. Ng3 Bxd3 20. Qxd3 h5 21. h3 h4 22. Nf1 Nf5 23. Re1 Nd6 24. Nd2 Re8 25. f3 f5 26. Nc5 Nf6 27. f4 Nfe4 28. Nf3 Kg7 29. Ne5 Rh8 30. Rf1 Raf8 31. Qd1 Ng3 32. Re1 g5 33. Qf3 Rh5 34. Rb2 Nde4 35. Nxe4 dxe4 36. Qf2 Rg8 37. Rc1 Kh7 38. Rc5 g4 39. hxg4 fxg4 40. Nc4 Nf5 41. Re5 Qf6 42. Nd2 h3 43. Nxe4 Qg6 44. Ng5+ Kh8 45. Re6 Qg7 46. g3 h2+ 47. Kh1 Qd7 48. Rc2 Rhxg5 49. fxg5 Qxe6 50. Qxh2+ Kg7 51. Rf2 Qe4+ 52. Kg1 Qxe3 53. Qh5 Qxg3+ 54. Kf1 Qd3+ 55. Kg1 Rh8 56. Qxg4 Qg3+ 57. Qxg3 Nxg3 58. Kg2 Ne4 59. Re2 Re8 60. Kg1 Kg6 61. Re3 Kxg5 62. Rh3 Kf4 63. Rh7 Nd6 64. Rd7 Re6 65. Kf2 0-1

[Event "UZB-ch (Women)"]
[Site "Tashkent"]
[Date "2023.03.06"]
[Round "1"]
[White "Malikova, Marjona"]
[Black "Danielian, Elina"]
[Result "1/2-1/2"]
[WhiteElo "1869"]
[BlackElo "2431"]
[PlyCount "164"]
[EventDate "2023.03.06"]
[EventType "swiss"]
[EventRounds "9"]
[EventCountry "UZB"]
[SourceTitle "CBM 213 Extra"]
[Source "ChessBase"]
[SourceDate "2023.05.31"]
[SourceVersion "1"]
[SourceVersionDate "2023.05.31"]
[SourceQuality "1"]

1. d4 d6 2. c4 e5 3. dxe5 dxe5 4. Qxd8+ Kxd8 5. Nc3 c6 6. Bg5+ f6 7. 0-0-0+ Kc7 8. Be3 Be6 9. b3 Ba3+ 10. Kb1 Bf5+ 11. Ka1 Na6 12. Bc1 Bb4 13. Kb2 Ne7 14. f3 Rhd8 15. Rxd8 Rxd8 16. e4 Be6 17. Be2 Bc5 18. a3 Bd4 19. Kc2 Nc5 20. b4 Bxc3 21. Kxc3 Na4+ 22. Kc2 c5 23. b5 Nc8 24. f4 Nd6 25. fxe5 Nxe4 26. Nf3 Nac3 27. Bf1 f5 28. Ng5 Bg8 29. Nxe4 Nxe4 30. Be2 Be6 31. Be3 b6 32. Rf1 a6 33. bxa6 Ra8 34. g4 g6 35. Bc1 Rxa6 36. Bd3 Ra4 37. gxf5 gxf5 38. Rg1 Bxc4 39. Rg7+ Kc6 40. Bxe4+ fxe4 41. Rxh7 Be6 42. Re7 Kd5 43. Rb7 e3 44. Kd3 Kxe5 45. Rxb6 Rh4 46. Bxe3 c4+ 47. Kd2 Rxh2+ 48. Kc1 Bd5 49. Bc5 Ke4 50. Rb2 Rh1+ 51. Kc2 Rh2+ 52. Kc1 Rh1+ 53. Kc2 Rh3 54. Rb1 Rh2+ 55. Kc3 Rh3+ 56. Kc2 Bc6 57. Re1+ Kd5 58. Bb4 Ba4+ 59. Kd2 Kd4 60. Rc1 Rh2+ 61. Ke1 Bc2 62. Bd6 Rg2 63. Kf1 Rd2 64. Ke1 Kd3 65. Bf4 Re2+ 66. Kf1 Re4 67. Bg3 Kd2 68. Ra1 Bd3+ 69. Kg2 c3 70. Kf3 Re3+ 71. Kg4 Be2+ 72. Kh4 Re4+ 73. Kh3 Bg4+ 74. Kg2 c2 75. Bh4 Bf3+ 76. Kh3 Re5 77. Kg3 Bd1 78. Kf4 Rc5 79. Bg5 Rxg5 80. Kxg5 Kc3 81. Rc1 Kb2 82. Rxc2+ Bxc2 1/2-1/2

[Event "Wch U20 Girls 38th"]
[Site "Cala Gonone"]
[Date "2022.10.13"]
[Round "3"]
[White "Serikbay, Assel"]
[Black "Malikova, Marjona"]
[Result "1-0"]
[WhiteElo "2181"]
[BlackElo "1830"]
[PlyCount "47"]
[EventDate "2022.10.12"]
[EventType "swiss"]
[EventRounds "11"]
[EventCountry "ITA"]
[SourceTitle "CBM 210 Extra"]
[Source "ChessBase"]
[SourceDate "2022.11.30"]
[SourceVersion "1"]
[SourceVersionDate "2022.11.30"]
[SourceQuality "1"]

1. d4 Nf6 2. c4 e6 3. g3 d5 4. Nf3 Bb4+ 5. Bd2 Be7 6. Bg2 0-0 7. 0-0 c5 8. cxd5 Nxd5 9. e4 Nf6 10. e5 Nd5 11. dxc5 Bxc5 12. Qc2 Be7 13. Nc3 Nb4 14. Qe4 Bd7 15. Rfd1 Bc6 16. Qg4 Qd3 17. a3 N4a6 18. b4 Nd7 19. Be1 Qc2 20. Ra2 h5 21. Qxh5 Qb3 22. Nd4 Qc4 23. Bf1 g6 24. Qh6 1-0

[Event "Olympiad Women-44"]
[Site "Chennai"]
[Date "2022.08.05"]
[Round "7.4"]
[White "Gajcin, Marina"]
[Black "Malikova, Marjona"]
[Result "1-0"]
[WhiteElo "2271"]
[BlackElo "1756"]
[PlyCount "129"]
[EventDate "2022.07.29"]
[EventType "team-swiss"]
[EventRounds "11"]
[EventCountry "IND"]
[SourceTitle "CBM 210"]
[Source "ChessBase"]
[SourceDate "2022.10.31"]
[SourceVersion "1"]
[SourceVersionDate "2022.10.31"]
[SourceQuality "1"]
[WhiteTeam "Serbia (W)"]
[BlackTeam "Uzbekistan (W)"]
[WhiteTeamCountry "SRB"]
[BlackTeamCountry "UZB"]

1. e4 c6 2. Nf3 d5 3. Nc3 Bg4 4. h3 Bxf3 5. Qxf3 Nf6 6. Be2 d4 7. Nd1 e5 8. 0-0 Nbd7 9. a4 Bd6 10. Bc4 Qe7 11. d3 h6 12. Qe2 g5 13. c3 0-0-0 14. g3 Rdg8 15. b4 Nf8 16. Bb2 Ng6 17. cxd4 Nf4 18. gxf4 gxf4+ 19. Kh1 Ng4 20. Qf3 Qh4 21. Bxf7 h5 22. Bxg8 Rxg8 23. Rg1 Qg5 24. Rxg4 hxg4 25. Qxg4+ Qxg4 26. hxg4 Rxg4 27. dxe5 Bxb4 28. Bc3 Be7 29. f3 Rg3 30. Be1 Rxf3 31. Nb2 Bc5 32. Kg2 Re3 33. Bf2 Re2 34. Nd1 Bd4 35. Rb1 Bxe5 36. Kf1 Rd2 37. d4 Bxd4 38. Ke1 Ra2 39. Rb4 Bxf2+ 40. Nxf2 a5 41. Rc4 Kd7 42. Nd3 b5 43. Rd4+ Ke6 44. axb5 cxb5 45. Rd5 b4 46. Nxf4+ Ke7 47. Rb5 Ke8 48. e5 Ra3 49. e6 Ke7 50. Rb7+ Kd6 51. Kd2 Ra2+ 52. Ke3 Ra3+ 53. Kd4 Ra1 54. Rb6+ Kc7 55. Nd5+ Kc8 56. Rc6+ Kb7 57. Rc7+ Kb8 58. e7 Rd1+ 59. Ke4 Re1+ 60. Ne3 Kxc7 61. e8Q Kb6 62. Kd4 Rc1 63. Nd5+ Ka6 64. Qe2+ Kb7 65. Qb5+ 1-0

[Event "Olympiad Women-44"]
[Site "Chennai"]
[Date "2022.08.03"]
[Round "6.4"]
[White "Malikova, Marjona"]
[Black "Reid, Caitlin"]
[Result "1-0"]
[WhiteElo "1756"]
[BlackElo "1437"]
[PlyCount "53"]
[EventDate "2022.07.29"]
[EventType "team-swiss"]
[EventRounds "11"]
[EventCountry "IND"]
[SourceTitle "CBM 210"]
[Source "ChessBase"]
[SourceDate "2022.10.31"]
[SourceVersion "1"]
[SourceVersionDate "2022.10.31"]
[SourceQuality "1"]
[WhiteTeam "Uzbekistan (W)"]
[BlackTeam "Scotland (W)"]
[WhiteTeamCountry "UZB"]
[BlackTeamCountry "SCO"]

1. d4 d5 2. c4 c6 3. cxd5 cxd5 4. Bf4 Nc6 5. e3 Nf6 6. Nc3 h6 7. Be2 a6 8. h3 Ne4 9. Nf3 e6 10. Nxe4 dxe4 11. Nd2 Qa5 12. 0-0 f5 13. Nc4 Qd8 14. Bh5+ Ke7 15. Bd6+ Kf6 16. Be5+ Ke7 17. Nd6 Rg8 18. Bf7 Rh8 19. Bg6 Nxe5 20. dxe5 Qb6 21. Qh5 Kd7 22. Rac1 Bxd6 23. Rfd1 Rf8 24. Rxd6+ Qxd6 25. exd6 Kxd6 26. Qd1+ Ke5 27. Qd4# 1-0

[Event "Olympiad Women-44"]
[Site "Chennai"]
[Date "2022.07.29"]
[Round "1.4"]
[White "Appau, Abena Tiwaa"]
[Black "Malikova, Marjona"]
[Result "0-1"]
[WhiteElo "1103"]
[BlackElo "1756"]
[PlyCount "62"]
[EventDate "2022.07.29"]
[EventType "team-swiss"]
[EventRounds "11"]
[EventCountry "IND"]
[SourceTitle "CBM 210"]
[Source "ChessBase"]
[SourceDate "2022.10.31"]
[SourceVersion "1"]
[SourceVersionDate "2022.10.31"]
[SourceQuality "1"]
[WhiteTeam "Ghana (W)"]
[BlackTeam "Uzbekistan (W)"]
[WhiteTeamCountry "GHA"]
[BlackTeamCountry "UZB"]

1. d4 Nf6 2. Bf4 e6 3. e3 c5 4. Nf3 cxd4 5. Nxd4 e5 6. Bxe5 Qa5+ 7. c3 Qxe5 8. Nd2 Nc6 9. N4f3 Qc7 10. Bd3 d5 11. Qc2 Bd6 12. 0-0-0 Be6 13. Rde1 0-0-0 14. e4 dxe4 15. Nxe4 Nxe4 16. Bxe4 Bxa2 17. b3 Ba3+ 18. Qb2 Bxb2+ 19. Kxb2 Bxb3 20. Kxb3 Qb6+ 21. Ka3 Qc5+ 22. Kb3 Na5+ 23. Kc2 Qxf2+ 24. Kb1 Nc4 25. Bf5+ Kb8 26. Bc2 Na3+ 27. Kb2 Qxc2+ 28. Kxa3 Qxc3+ 29. Ka2 Rd6 30. Re5 Ra6+ 31. Kb1 Ra1# 0-1